000 00410nam a2200157Ia 4500
008 230711s9999||||xx |||||||||||||| ||und||
041 _aENG
082 _a677
_bCO-T
100 _aCorbman,Bernard P
245 0 _aTextile Engineering: fiber to fabric
250 _a6th . . Ed.
260 _c1983
_aNew Delhi
_bTata McGraw Hill Education Limited
300 _a594
650 _aTextile Engineering
942 _cBK
999 _c4703
_d4703